000 00298nam a22001217a 4500
008 180302b xxu||||| |||| 00| 0 eng d
041 _aeng
080 _a82
100 _a21
101 _aGJU
245 _aWORLD TALES CREATIVE DRAMATICS AND STORYTELLING
_cBURDETTER.S.R
942 _2udc
_cBK
999 _c44061
_d44061